| 000 | 00558cam a22002291 4500 | ||
|---|---|---|---|
| 001 | sa 66002986 | ||
| 003 | DLC | ||
| 005 | 20260227112233.0 | ||
| 008 | 890913s1965 ii 000 1 hino | ||
| 010 | _asa 66002986 | ||
| 035 | _a(OCoLC)20337143 | ||
| 040 |
_aDLC _cWaU _dDLC |
||
| 042 | _apremarc | ||
| 050 | 0 | 0 |
_aPK2098.16.A82 _bS8 |
| 100 | 1 |
_aCauhāna, Manahara, _d1939- |
|
| 245 | 1 | 0 | _aSūrya kā rakta. |
| 260 | _c[1965] | ||
| 300 |
_a260 p. _c19 cm. |
||
| 500 | _aIn Hindi. | ||
| 500 | _aA novel. | ||
| 600 | 0 | 0 |
_aSambhaji, Raja, _d-1689 _vFiction. |
| 999 |
_c68655 _d68655 |
||